000 00543nam a22001577a 4500
005 2012031204304.0
020 _a819016421X
_c390.00
035 _aB-307231
037 _aDPL
_bENG
100 _aAgrawal, K.C.
_943726
245 _aShaping India of our dreams /
_cby K.C. Agrawal
260 _aNew Delhi
_bKnowledge Books Inc.
_c2003
300 _axv, 402p.
_c20 cms.
942 _2ddc
_cEN
_h158.1
_mAGR
999 _c63979
_d63979